000 00541npc a2200205Ia 4500
001 dp5/14-33819
003 IT-MiCISF
008 161014s9999||||xx | und||
040 _aIT-MiCISF
_cIT-MiCISF
041 _ait
100 _aAA.VV.
245 0 _aLa riunione d'équipe
250 _a1a ed.
260 _bEquipes Notre-Dame
_c1985
300 _app. 35
500 _aEquipes Notre Dame / spiritualità-coniugale, équipe, gruppi-familiari /
650 _apastorale-familiare
942 _cDD
957 _71
999 _a33819
_bsi
_g1
_c206598
_d206598